000 00610nam a2200241Ia 4500
005 20260320200925.0
008 008 262003s9999 xx 000 0 eng d
037 _aEBOOK
040 _aCRL
040 _beng
040 _cCRL
041 _2eng
041 _aeng
084 _qCRL
100 _aOtoshi
_91133801
245 0 _aNoise Temperature Theory and Applications for Deep Space Communications Antenna Systems
260 _bIEEE
260 _c2008
856 _uhttps://ieeexplore.ieee.org/servlet/opac?bknumber=9100244
942 _cEBOOK
999 _c1717712
_d1717712